000 00607nam a2200205Ia 4500
999 _c1510
_d1510
007 ta
008 190719t1974 xxk||||g||||||||| ||und||
040 _aKO
_beng
041 0 _aeng
044 _axxk
082 0 4 _a623.89
_bUn314
_223
110 _aGreat Britain.
_bHydrographic Office
245 0 _aAnnual Summary of Admiralty Notices to Mariners :
_bin force on 1st January 1974 /
_cUnited Kingdom Hydrographic Office
260 _aTaunton :
_bUnited Kingdom Hydrographic Office ,
_c1974.
300 _a172 p.;
_c25 cm.
650 _aPilot guides
904 _aA_BOSE
942 _2ddc
_cBK